MARC details
| 000 -LEADER |
| campo de control de longitud fija |
03810cam a22004814a 4500 |
| 001 - NÚMERO DE CONTROL |
| campo de control |
53949 |
| 003 - IDENTIFICADOR DE NÚMERO DE CONTROL |
| campo de control |
BJBSDDR |
| 005 - FECHA Y HORA DE LA ÚLTIMA TRANSACCIÓN |
| campo de control |
20260324163906.0 |
| 007 - CAMPO FIJO DE DESCRIPCIÓN FÍSICA--INFORMACIÓN GENERAL |
| campo de control de longitud fija |
ta |
| 008 - DATOS DE LONGITUD FIJA--INFORMACIÓN GENERAL |
| campo de control de longitud fija |
070828s2007 nyub b 001 0 eng |
| 010 ## - NÚMERO DE CONTROL DE LA BIBLIOTECA DEL CONGRESO |
| Número de control de LC |
2007279787 |
| 020 ## - NÚMERO INTERNACIONAL ESTÁNDAR DEL LIBRO |
| Número Internacional Estándar del Libro |
9780307278838 (pbk.) |
| 020 ## - NÚMERO INTERNACIONAL ESTÁNDAR DEL LIBRO |
| Número Internacional Estándar del Libro |
0307278832 (pbk.) |
| 035 ## - NÚMERO DE CONTROL DEL SISTEMA |
| Número de control de sistema |
(OCoLC)ocn148837179 |
| 035 ## - NÚMERO DE CONTROL DEL SISTEMA |
| Número de control de sistema |
(OCoLC)148837179 |
| 040 ## - FUENTE DE CATALOGACIÓN |
| Centro catalogador/agencia de origen |
DLC |
| Centro/agencia transcriptor |
DLC |
| Centro/agencia modificador |
BTCTA |
| -- |
BAKER |
| -- |
BKL |
| -- |
YDXCP |
| -- |
YBM |
| Lengua de catalogación |
eng |
| 041 ## - CÓDIGO DE IDIOMA |
| Código de lengua del texto/banda sonora o título independiente |
eng |
| 043 ## - CÓDIGO DE ÁREA GEOGRÁFICA |
| Código de área geográfica |
n-us--- |
| -- |
a-iq--- |
| 049 ## - FONDOS LOCALES (OCLC) |
| Biblioteca depositaria |
GRAL |
| 050 14 - SIGNATURA TOPOGRÁFICA DE LA BIBLIOTECA DEL CONGRESO |
| Número de clasificación |
414 DS 79.769 |
| Número de ítem |
C456i 2007 |
| 100 1# - ENTRADA PRINCIPAL--NOMBRE DE PERSONA |
| Nombre de persona |
Chandrasekaran, Rajiv, |
| Fechas asociadas al nombre |
1973- |
| 9 (RLIN) |
36880 |
| 245 10 - MENCIÓN DEL TÍTULO |
| Título |
Imperial life in the emerald city : |
| Resto del título |
inside Iraq's green zone / |
| Mención de responsabilidad, etc. |
Rajiv Chandrasekaran. |
| 246 30 - FORMA VARIANTE DEL TITULO |
| Título propio/Titulo breve |
Inside Iraq's green zone |
| 250 ## - MENCION DE EDICION |
| Mención de edición |
1st Vintage Books ed. |
| 260 ## - PUBLICACIÓN, DISTRIBUCIÓN, ETC. |
| Lugar de publicación, distribución, etc. |
New York : |
| Nombre del editor, distribuidor, etc. |
Vintage Books, |
| Fecha de publicación, distribución, etc. |
2007. |
| 300 ## - DESCRIPCIÓN FÍSICA |
| Extensión |
xii, 365 pages : |
| Otras características físicas |
maps ; |
| Dimensiones |
21 cm. |
| 504 ## - NOTA DE BIBLIOGRAFÍA, ETC. |
| Nota de bibliografía, etc. |
Includes bibliographical references and index. |
| 505 00 - NOTA DE CONTENIDO CON FORMATO |
| Título |
Map of the Green Zone -- |
| -- |
Prologue -- |
| Información miscelánea |
pt. 1. |
| Título |
Building the bubble -- |
| Información miscelánea |
1. |
| Título |
Versailles on the Tigris -- |
| Información miscelánea |
2. A |
| Título |
deer in the headlights -- |
| Información miscelánea |
The |
| Título |
Green Zone, scene 1 -- |
| Información miscelánea |
3. |
| Título |
You're in charge! -- |
| Información miscelánea |
The |
| Título |
Green Zone, scene 2 -- |
| Información miscelánea |
4. |
| Título |
Control freak -- |
| Información miscelánea |
The |
| Título |
Green Zone, scene 3 -- |
| Información miscelánea |
5. |
| Título |
Who are these people? -- |
| Información miscelánea |
The |
| Título |
Green Zone, scene 4 -- |
| Información miscelánea |
6. |
| Título |
We need to rethink this -- |
| Información miscelánea |
The |
| Título |
Green Zone, scene 5 -- |
| Información miscelánea |
7. |
| Título |
Bring a duffel bag -- |
| Información miscelánea |
The |
| Título |
Green Zone, scene 6 -- |
| Información miscelánea |
8. A |
| Título |
yearning for old times -- |
| Información miscelánea |
pt. 2. |
| Título |
Shattered dreams -- |
| Información miscelánea |
9. |
| Título |
Let this be over -- |
| Información miscelánea |
The |
| Título |
Green Zone, scene 7 -- |
| Información miscelánea |
10. The |
| Título |
plan unravels -- |
| Información miscelánea |
The |
| Título |
Green Zone, scene 8 -- |
| Información miscelánea |
11. A |
| Título |
fool's errand -- |
| Información miscelánea |
The |
| Título |
Green Zone, scene 9 -- |
| Información miscelánea |
12. |
| Título |
We cannot continue like this -- |
| Información miscelánea |
The |
| Título |
Green Zone, scene 10 -- |
| Información miscelánea |
13. |
| Título |
Missed opportunities -- |
| Información miscelánea |
The |
| Título |
Green Zone, scene 11 -- |
| Información miscelánea |
14. |
| Título |
Breaking the rules -- |
| Información miscelánea |
The |
| Título |
Green Zone, scene 12 -- |
| Información miscelánea |
15. |
| Título |
Crazy, if not suicidal -- |
| Información miscelánea |
The |
| Título |
Green Zone, scene 13 -- |
| Información miscelánea |
16. A |
| Título |
lot left to be done -- |
| -- |
Epilogue -- |
| -- |
Acknowledgments -- |
| -- |
Notes -- |
| -- |
Index. |
| 520 ## - RESUMEN, ETC. |
| Sumario, etc. |
Finalist for the National Book Award, this is the startling portrait of an Oz-like place where a vital aspect of our government's folly in Iraq played out. In this unprecedented account, the Washington Post's former Baghdad bureau chief, Raviv Chandrasekaran, takes us with him into the Green Zone, headquarters for the American occupation of Iraq. In this bubble, cut off from wartime realities, where the task of reconstructing a devastated nation competed with the distractions of a Little America were a half-dozen bars stocked with cold beer, a disco where women showed up in hot pants, a shopping mall, and a parking lot filled with shiny new SUV's, much of it run by Halliburton. The country is put into the hands of inexperienced twentysomethings chosen for their Republican Party loyalty. Ignoring what Iraqis say they want or need, the team pursues irrelevant neoconservative solutions and pie-in-the-sky policies instead of rebuilding looted buildings and restoring electricity. Their almost comic initiatives anger the locals and fuel the insurgency. Most Iraqis were barred from entering the Emerald City for fear they would blow it up. |
| 610 24 - PUNTO DE ACCESO ADICIONAL DE MATERIA--NOMBRE DE ENTIDAD CORPORATIVA |
| Nombre de entidad corporativa o nombre de jurisdicción como elemento de entrada |
Autoridad Provisional de la Coalición |
| 9 (RLIN) |
36881 |
| 650 #0 - PUNTO DE ACCESO ADICIONAL DE MATERIA--TÉRMINO DE MATERIA |
| Término de materia o nombre geográfico como elemento de entrada |
Postwar reconstruction |
| Subdivisión geográfica |
Iraq. |
| 650 #0 - PUNTO DE ACCESO ADICIONAL DE MATERIA--TÉRMINO DE MATERIA |
| Término de materia o nombre geográfico como elemento de entrada |
Iraq War, 2003- |
| 650 #0 - PUNTO DE ACCESO ADICIONAL DE MATERIA--TÉRMINO DE MATERIA |
| Término de materia o nombre geográfico como elemento de entrada |
Political corruption |
| Subdivisión geográfica |
United States. |
| 650 #4 - PUNTO DE ACCESO ADICIONAL DE MATERIA--TÉRMINO DE MATERIA |
| Término de materia o nombre geográfico como elemento de entrada |
Conflicto armado |
| Subdivisión general |
Reconstrucción |
| Subdivisión geográfica |
Irak |
| 9 (RLIN) |
7585 |
| 650 #4 - PUNTO DE ACCESO ADICIONAL DE MATERIA--TÉRMINO DE MATERIA |
| Término de materia o nombre geográfico como elemento de entrada |
Guerra de Irak, 2003-2011 |
| 9 (RLIN) |
12888 |
| 650 #4 - PUNTO DE ACCESO ADICIONAL DE MATERIA--TÉRMINO DE MATERIA |
| Término de materia o nombre geográfico como elemento de entrada |
Corrupción Política |
| Subdivisión geográfica |
Estados Unidos |
| 9 (RLIN) |
157 |
| 651 #0 - PUNTO DE ACCESO ADICIONAL DE MATERIA--NOMBRE GEOGRÁFICO |
| Nombre geográfico |
Coalition Provisional Authority. |
| 651 #0 - PUNTO DE ACCESO ADICIONAL DE MATERIA--NOMBRE GEOGRÁFICO |
| Nombre geográfico |
United States |
| Subdivisión general |
Politics and government |
| Subdivisión cronológica |
2001- |
| 651 #4 - PUNTO DE ACCESO ADICIONAL DE MATERIA--NOMBRE GEOGRÁFICO |
| Nombre geográfico |
Estados Unidos |
| Subdivisión general |
Política y gobierno |
| Subdivisión cronológica |
2001- |
| 9 (RLIN) |
2671 |
| 856 42 - LOCALIZACIÓN Y ACCESO ELECTRÓNICOS |
| Materiales especificados |
Más?... busque en WorldCat (solo desde FUNGLODE) |
| Identificador Uniforme de Recursos |
<a href="www.firstsearch.oclc.org/fsip">www.firstsearch.oclc.org/fsip</a> |
| 942 ## - ELEMENTOS DE ENTRADA SECUNDARIOS (KOHA) |
| Fuente del sistema de clasificación o colocación |
Clasificación de Library of Congress |
| Tipo de ítem Koha |
Libro |
| 946 ## - PROCESAMIENTO DE INFORMACIÓN LOCAL (OCLC) |
| a |
mfcruz |